000 00734nam a2200289Ia 4500
005 20260324111450.0
008 008 260324s9999 xx 000 0 eng d
020 _a9781003598985
037 _aEBOOK
040 _aCRL
040 _beng
040 _cCRL
041 _2eng
041 _aeng
084 _qCRL
100 _aAndrew Samuels
_91138678
245 0 _aReflecting Critically on the Political Psyche
245 0 _bTherapy, Testament and Trouble in Psychoanalysis and Jungian Analysis
260 _bTaylor and Francis
260 _c2025
365 _a
365 _b220
856 _uhttp://www.taylorfrancis.com/books/9781003598985
942 _cEBOOK
999 _c1727513
_d1727513